000 00676nam a2200253Ia 4500
003 OSt
005 20221005032403.0
006 a|||||r|||| 00| 0
007 ta
008 221004b |||||||| |||| 00| 0 eng d
020 _a0226723569 (pbk)
024 _a121090
037 _bGift, 13/09/2012,
_cTextual
040 _aCRL
_cCRL
_beng
041 _2eng
_aeng
082 _aV461.N7, L9
100 _aRodinson Maxime
245 0 _aArabs
260 _aChicago
_bUniversity of Chicago Press
_c1979
300 _axvi,188p.
_ccm.
650 _aHISTORY
942 _hV461.N7, L9
_cTEXL
_2cc
999 _c939627
_d939627